Nova (Registro nro. 1223)

Detalles MARC
000 -LEADER
fixed length control field 00551nas a22001697a 4500
008 - CAMPO DE CONTROL RECURSOS CONTINUADOS
fixed length control field 130306t20099999ck ||||| |||| 00| 0 spa d
022 ## - INTERNATIONAL STANDARD SERIAL NUMBER
International Standard Serial Number 1794-2470
245 ## - TITULO
Titulo Nova
260 ## - PUBLICACION, DISTRIBUCION, ETC. (PIE DE IMPRENTA)
Lugar de publicación, distribución, etc Bogotá:
Nombre de la editorial, distribuidor, etc. Universidad Colegio Mayor de Cundinamarca,
Fecha de publicación 2009
300 ## - DESCRIPCION FISICA
Extensión v. :
310 ## - FRECUENCIA ACTUAL DE LA PUBLICACION
Frecuencia actual de la publicación Semestral
546 ## - NOTA DE IDIOMA
Nota de lenguaje español
590 ## - NOTAS LOCALES (RLIN)
Nota local Indizada en: Latindex, Publindex, LILACS, IMBIOMED, Redalyc, FARO y EBSCO
590 ## - NOTAS LOCALES (RLIN)
Nota local Existencias: 2009 7(11)<br/>BAJA DEPOSITO (CAJA 22) MAYO 2019
650 ## - MATERIA-TERMINO TEMATICO
Término temático DISCIPLINAS DE LAS CIENCIAS BIOLOGICAS
9 (RLIN) 1890
942 ## - ADDED ENTRY ELEMENTS (KOHA)
Source of classification or shelving scheme Dewey Decimal Classification
Item type Continuing Resources

No hay ítems disponibles.


UNIVERSIDAD NACIONAL DEL COMAHUE
Biblioteca de la Facultad de Ciencias Médicas
Sede Toschi: Los Arrayanes y Av. Toschi, Cipolletti  - Rio Negro
Sede Los Tordos:  Yrigoyen al 2211, Cipolletti - Rio Negro 

Teléfono: 0299 - 4774707 int 25
Contacto: biblioteca@facimed.uncoma.edu.ar
© 2011 - 2026